Prima Lettera delle Città Italiane - Statistics

Statistiche generali
  • Questo quiz è stato fatto 240 volte
  • Il punteggio medio è 20 su 22
Statistiche sulle risposte
Hint Risposta % Corretto
_ncona A
98%
_ivorno L
98%
_dine U
98%
_atania C
97%
_rcolano E
97%
_irenze F
97%
_apoli N
97%
_orino T
97%
_erona V
97%
_ologna B
96%
_alermo P
96%
_enova G
95%
_mola I
95%
_ilano M
95%
_lbia O
95%
_oma R
94%
_uartu sant'Elena Q
93%
_alerno S
87%
_esio D
81%
_esi J
78%
_ola Predosa Z
67%
_one H
50%
Nessun quiz corrispondente trovato
Distribuzione punteggi
Percentuale di utenti per punteggio
Percentile per numero di risposta
I tuoi punteggi nel tempo
Non hai fatto questo quiz